| 000 | 00400nam a2200133Ia 4500 | ||
|---|---|---|---|
| 008 | 211109s9999||||xx |||||||||||||| ||und|| | ||
| 082 |
_a572 _bLEH-P |
||
| 100 | _aLehninger, Albert L | ||
| 245 | 0 | _aPrinciples Of Biochemistry | |
| 260 |
_bCBS _aDELHI _c1984 |
||
| 630 | _xPOST GRADUATE REFERENCE | ||
| 650 |
_aBiochemistry _vLife sciences; biology _xNatural sciences & mathematicsZoology |
||
| 942 | _cBOOK | ||
| 999 |
_c51223 _d51223 |
||